[Event "FRA-chT U20 16 GP Basse 1011"]
[Site "France"]
[Date "2011.06.13"]
[Round "11"]
[White "Sambuc, David"]
[Black "Bonnin, Remi"]
[Result "1/2-1/2"]
[WhiteElo "1310"]
[BlackElo "1310"]
[PlyCount "72"]
[EventDate "2010.06.20"]
[EventType "team-tourn"]
[EventRounds "11"]
[EventCountry "FRA"]
[SourceTitle "EXT 2015"]
[Source "ChessBase"]
[SourceDate "2014.11.20"]
[SourceVersion "1"]
[SourceVersionDate "2014.11.20"]
[SourceQuality "1"]
[WhiteTeam "Montpellier (U20)"]
[BlackTeam "Bois Colombes (U20)"]
[WhiteTeamCountry "FRA"]
[BlackTeamCountry "FRA"]

1. d4 Nf6 2. c3 e6 3. Bf4 b6 4. e3 Bb7 5. Nf3 c5 6. Bd3 Nc6 7. 0-0 Be7 8. Bc2 0-0 9. Qd3 g6 10. h3 Kg7 11. Qd2 Nd5 12. Bg3 f5 13. c4 Nf6 14. d5 exd5 15. cxd5 Ne4 16. Bxe4 fxe4 17. Qc3+ Bf6 18. Ne5 Nxe5 19. Bxe5 Bxe5 20. Qxe5+ Qf6 21. Qxf6+ Rxf6 22. Nc3 Re8 23. a3 Re5 24. b4 Bxd5 25. Rfd1 Be6 26. Nb5 Ref5 27. Rd2 cxb4 28. Nxa7 bxa3 29. Rxa3 Ra5 30. Rxa5 bxa5 31. Nc8 Rf5 32. Rd4 d5 33. Ne7 Rg5 34. Kh2 Kf6 35. Nc6 Rf5 36. Kg1 Kg5 1/2-1/2

[Event "FRA-chT U20 16 GP Basse 1011"]
[Site "France"]
[Date "2011.06.12"]
[Round "10"]
[White "Bonnin, Remi"]
[Black "Le Cour, Hugo"]
[Result "0-1"]
[WhiteElo "1310"]
[BlackElo "1398"]
[PlyCount "94"]
[EventDate "2010.06.20"]
[EventType "team-tourn"]
[EventRounds "11"]
[EventCountry "FRA"]
[SourceTitle "EXT 2015"]
[Source "ChessBase"]
[SourceDate "2014.11.20"]
[SourceVersion "1"]
[SourceVersionDate "2014.11.20"]
[SourceQuality "1"]
[WhiteTeam "Bois Colombes (U20)"]
[BlackTeam "Paris AECE (U20)"]
[WhiteTeamCountry "FRA"]
[BlackTeamCountry "FRA"]

1. e4 c5 2. Nc3 Nc6 3. Bb5 d6 4. Bxc6+ bxc6 5. Nf3 e5 6. d3 Nf6 7. Bg5 Bg4 8. 0-0 Be7 9. h3 Bh5 10. Rb1 Rb8 11. a3 a5 12. Na4 0-0 13. c3 Nd7 14. Bxe7 Qxe7 15. b4 axb4 16. axb4 cxb4 17. cxb4 f5 18. Re1 fxe4 19. dxe4 Rf6 20. Qd3 Rbf8 21. Re3 R8f7 22. Rb3 Qf8 23. Ng5 Re7 24. Nf3 h6 25. b5 cxb5 26. Qxb5 Ref7 27. Qd5 Kh8 28. Qd3 g5 29. g4 Bg6 30. h4 Rf4 31. hxg5 Rxg4+ 32. Kh1 hxg5 33. Nh2 Rgf4 34. Rh3+ Kg7 35. f3 Bxe4 36. Qe3 Bc6 37. Rb4 Kg6 38. Qd3+ R7f5 39. Rxf4 exf4 40. Nc3 Ne5 41. Qb1 Qf6 42. Ne2 Nxf3 43. Nxf3 g4 44. Nxf4+ Kg7 45. Nh5+ Rxh5 46. Kg2 Bxf3+ 47. Kg1 gxh3 0-1

[Event "FRA-chTB U20 1011"]
[Site "France"]
[Date "2010.11.20"]
[Round "1.6"]
[White "Bonnin, Remi"]
[Black "Hug, Roxana"]
[Result "0-1"]
[WhiteElo "1360"]
[BlackElo "1560"]
[PlyCount "121"]
[EventDate "2010.11.20"]
[EventType "team-tourn"]
[EventRounds "7"]
[EventCountry "FRA"]
[SourceTitle "EXT 2012"]
[Source "ChessBase"]
[SourceDate "2011.11.24"]
[SourceVersion "1"]
[SourceVersionDate "2011.11.24"]
[SourceQuality "1"]
[WhiteTeam "Bois Colombes"]
[BlackTeam "Mulhouse"]
[WhiteTeamCountry "FRA"]
[BlackTeamCountry "FRA"]

1. e4 c5 2. Bc4 Nc6 3. Nf3 g6 4. d3 Bg7 5. Nc3 a6 6. Bd5 e6 7. Bxc6 bxc6 8. Be3 d6 9. 0-0 Ne7 10. d4 cxd4 11. Nxd4 0-0 12. Bg5 Bb7 13. Qd3 Qc7 14. Rad1 Nc8 15. f4 a5 16. Qd2 Ba6 17. Rf3 Nb6 18. b3 h6 19. Bh4 Nd7 20. Rf2 e5 21. fxe5 Nxe5 22. h3 Rac8 23. Bg3 Bb7 24. Nf3 Rcd8 25. Nxe5 dxe5 26. Qe1 Qe7 27. Rfd2 Qc5+ 28. Bf2 Qe7 29. Bb6 Rxd2 30. Rxd2 h5 31. Qd1 Qb4 32. Na4 Qb5 33. Rd7 Qa6 34. c4 Bh6 35. Qd3 h4 36. Kf1 Bg7 37. Kf2 Kh7 38. Rd8 Rxd8 39. Qxd8 Qa8 40. Qxa8 Bxa8 41. Kf3 Kg8 42. Kg4 f6 43. Bc7 g5 44. Nc5 Kf7 45. Kf5 Bh8 46. Na6 Bb7 47. Kg4 Bxa6 48. Bxa5 Bc8+ 49. Kf3 Ke6 50. Bc7 f5 51. exf5+ Kxf5 52. a4 Ke6 53. Ke4 Bf6 54. b4 Bb7 55. c5 Ba6 56. Bb8 Bf1 57. a5 Bxg2+ 58. Ke3 Bg7 59. Bc7 g4 60. Ke2 gxh3 61. Kf2 0-1